|
|
|
|
| LEADER |
01848cas a2200241 a 4500 |
| 001 |
AALejournalIMF018669 |
| 008 |
230101c9999 xx r poo 0 0eng d |
| 020 |
|
|
|c 5.00 USD
|
| 020 |
|
|
|z 9781484369319
|
| 022 |
|
|
|a 1934-7685
|
| 040 |
|
|
|a BD-DhAAL
|c BD-DhAAL
|
| 110 |
2 |
|
|a International Monetary Fund.
|b Monetary and Capital Markets Department.
|
| 245 |
1 |
0 |
|a Euro Area Policies :
|b Financial Sector Assessment Program-Technical Note-Supervision and Oversight of Central Counterparties and Central Securities Depositories.
|
| 264 |
|
1 |
|a Washington, D.C. :
|b International Monetary Fund,
|c 2018.
|
| 300 |
|
|
|a 1 online resource (32 pages)
|
| 490 |
1 |
|
|a IMF Staff Country Reports
|
| 500 |
|
|
|a <strong>Off-Campus Access:</strong> No User ID or Password Required
|
| 500 |
|
|
|a <strong>On-Campus Access:</strong> No User ID or Password Required
|
| 506 |
|
|
|a Electronic access restricted to authorized BRAC University faculty, staff and students
|
| 520 |
3 |
|
|a Regulation, supervision, and oversight of central counterparties (CCPs) and central securities depositories (CSDs) in the euro area is evolving. Recent proposed amendments to the European Market Infrastructure Regulation (EMIR) are expected to further alter the landscape, as is the European Central Bank (ECB) proposal to amend article 22 of the Statute of the European System of Central Banks (ESCB) and the ECB. The main objective of this note is to analyze the regulatory and supervisory structure applicable to CCPs and International CSDs (ICSDs) in the European Union (EU) and assess their suitability using international standards and good practices.
|
| 538 |
|
|
|a Mode of access: Internet
|
| 830 |
|
0 |
|a IMF Staff Country Reports; Country Report ;
|v No. 2018/227
|
| 856 |
4 |
0 |
|z Full text available on IMF
|u http://elibrary.imf.org/view/journals/002/2018/227/002.2018.issue-227-en.xml
|z IMF e-Library
|